The last of the gentlemen's wars; (Record no. 552905)
[ view plain ]
| 000 -LEADER | |
|---|---|
| fixed length control field | 00613cam a22001571 4500 |
| 082 ## - DEWEY DECIMAL CLASSIFICATION NUMBER | |
| Classification number | 968.048 |
| Author Mark | FUL |
| 100 1# - MAIN ENTRY--PERSONAL NAME | |
| Personal name | Fuller, J. F. C. |
| 9 (RLIN) | 37121 |
| 245 14 - TITLE STATEMENT | |
| Title | The last of the gentlemen's wars; |
| Remainder of title | a subaltern's journal of the war in South Africa, 1899-1902, |
| Statement of responsibility, etc. | by Major-General J. F. C. Fuller. |
| 260 ## - PUBLICATION, DISTRIBUTION, ETC. | |
| Place of publication, distribution, etc. | London, |
| Name of publisher, distributor, etc. | Faber and Faber, limited |
| Date of publication, distribution, etc. | [1937] |
| 300 ## - PHYSICAL DESCRIPTION | |
| Extent | 304 p. |
| Other physical details | incl. maps. front.(port.) plates, fold. map. |
| Dimensions | 23 cm. |
| 500 ## - GENERAL NOTE | |
| General note | Includes index. |
| 526 ## - STUDY PROGRAM INFORMATION NOTE | |
| Program name | 0 |
| Interest level | 0 |
| Reading level | 0 |
| Title point value | 968_048000000000000_FUL |
| 650 #0 - SUBJECT ADDED ENTRY--TOPICAL TERM | |
| Topical term or geographic name entry element | MCE |
| 9 (RLIN) | 379 |
| 650 #0 - SUBJECT ADDED ENTRY--TOPICAL TERM | |
| Topical term or geographic name entry element | South African War, 1899-1902 |
| General subdivision | Personal narratives. |
| 9 (RLIN) | 46670 |
| 942 ## - ADDED ENTRY ELEMENTS (KOHA) | |
| Source of classification or shelving scheme | |
| Koha item type | Book |
| Withdrawn status | Lost status | Source of classification or shelving scheme | Damaged status | Not for loan | Permanent Location | Current Location | Shelving location | Date acquired | Total Checkouts | Full call number | Barcode | Date last seen | Price effective from | Koha item type |
|---|---|---|---|---|---|---|---|---|---|---|---|---|---|---|
| Military College of Engineering (MCE) | Military College of Engineering (MCE) | 01/27/2015 | 968.048 FUL | MCE-ECL/72 | 01/27/2015 | 01/27/2015 | Book |
